000 01064nam a2200229Ia 4500
999 _c36411
_d36411
001 2325
003 GE_BSU
005 20190529142040.0
008 181216s2009||||ge |||||||||||||| ||geo||
020 _a9789941409240
040 _cGE_BSU
041 _ageo
080 _a634(035) ლ–20
100 _aლამპარაძე, შოთა
_91795
245 _aსუბტროპიკული კულტურების წარმოების ტექნოლოგია :
_bსახელმძღვანელო ცნობარი /
_cშოთა ლაპარაძე, შოთა ლომინაძე; რედ. რ ჯაბნიძე.
264 _aბათუმი :
_bშოთა რუსთაველის სახ უნ–ტი,
_c2009.
300 _a33 გვ. ;
_b20 სმ.
653 _aსუბტროპიკული კულტურები
653 _aტექნოლოგია
700 _aჯაბნიძე, რ.
_eრედაქტორი
_91796
942 _cBK
_2udc